000 00461nam a2200169Ia 4500
999 _c27065
_d27065
003 OSt
005 20201207094717.0
008 190216s9999||||xx |||||||||||||| ||und||
040 _coclc
082 _a894.8124
_bACH/N
100 _aAchuthan, M
_97167
245 0 _aNirdharanam /
_cM Achuthan
260 _bCurrent Books,
_aTrissur;
_c1993.
300 _a94p
650 _aLekhanam
942 _cBK
_2ddc
_h894.8124
_iACH/N
_k894.8124
_mACH/N